New Trends in Risk Management (Record no. 4001)
[ view plain ]
| 000 -LEADER | |
|---|---|
| fixed length control field | 01507nam a22001817a 4500 |
| 020 ## - INTERNATIONAL STANDARD BOOK NUMBER | |
| ISBN | 817611409x |
| 022 ## - INTERNATIONAL STANDARD SERIAL NUMBER | |
| ISSN | 9788176114097 |
| 050 ## - CALL NUMBER | |
| Classification number | HD62 |
| 100 ## - AUTHOR | |
| Personal name | Pravin Kumar Tayal |
| 245 ## - TITLE | |
| Title | New Trends in Risk Management |
| 260 ## - PUBLICATION INFORMATION | |
| Place of publication | Jaipur |
| Name of publisher | RBSA Publishers |
| 300 ## - DESCRIPTION | |
| Number of Pages | xi, 180p |
| Dimensions | ill, 22cm |
| 505 ## - FORMATTED CONTENTS NOTE | |
| Table of Content | Risk Management in Banks in India Emerging sceenario and strategies to meet the emerging challenges and opportunities 1<br/>Risk exposure as a strategic management too-A shift of emphasis in risk management paradigm 19<br/>Customer services in public sector Banks: Expectation and reality 27<br/>Management of NPA's in public sector Banks & Fls Vs Securitisation Act , 2002 49<br/>Business Process outsourcing sector in India: Issues, challenges and strategies 55<br/>NPA @ BANK. COM 63<br/>liberalisation & marketing strategies of Life Insurance Cooperation (LIC) 79<br/>Empirical investigation of benefits from implementation of just in time manufacturing 88<br/>Impact of IPR with reference to Pharmaceutical industries 101<br/>Consumers' preference of life insurance products 108<br/>Market trends and brand preferences of edible oils 123<br/>Risk management 131<br/>Risk management in Banks with reference to Basel 11 139<br/>Corporate governance in Banking and financial institutions 152<br/>Six-sigma: A case study of sun micro systems 160<br/>Relevance of human resource management in Globalized world 169 |
| 650 ## - SUBJECTS | |
| Topical Term | Risk management |
| 700 ## - OTHER AUTHORS | |
| Personal name | Pravin Kumar Tayal |
| 710 ## - OTHER AUTHORS | |
| OTHER AUTHORS | Sugan C. Jain |
| 942 ## - ADDED ENTRY ELEMENTS (KOHA) | |
| Koha item type | Books |
| Withdrawn status | Lost status | Collection code | Home library | Current library | Shelving location | Date acquired | Full call number | Accession Number | Koha item type |
|---|---|---|---|---|---|---|---|---|---|
| Reference | Methodist University Library Main | Methodist University Library Main | General Stacks | 15/02/2009 | HD62 | 23971 | Books |